|
|
|
|
| LEADER |
01316nam a22002777a 4500 |
| 001 |
34806 |
| 003 |
BD-DhAAL |
| 005 |
20190801114709.0 |
| 008 |
190721t2014 ii ||||| |||| 00| 0 ben d |
| 999 |
|
|
|c 40894
|d 40894
|
| 020 |
|
|
|a 9788129513281
|
| 040 |
|
|
|a BD-DhAAL
|c BD-DhAAL
|
| 082 |
|
|
|a 891.4437
|
| 245 |
|
|
|a সুকুমার সমগ্র /
|c সুনীল জানা সম্পাদিত
|
| 246 |
|
|
|a A collection of writings
|
| 250 |
|
|
|a দশম সংস্করণ
|
| 260 |
|
|
|a ঢাকা :
|b দে'জ পাবলিশিং,
|c ২০১৪
|
| 300 |
|
|
|a [আট], ৬২৪ পৃষ্ঠা ;
|c ২৪ সে.মি.
|
| 526 |
|
|
|a Residential Campus
|
| 541 |
|
|
|a Development Book Agency
|e 34806, 34976
|
| 650 |
|
|
|a Short stories, Bengali
|9 20142
|
| 700 |
|
|
|a জানা, সুনীল
|9 32966
|
| 852 |
|
|
|a Savar Campus Library
|c General Stacks
|
| 942 |
|
|
|2 ddc
|c BK
|
| 952 |
|
|
|0 0
|1 0
|2 ddc
|4 0
|6 891_443700000000000_SUK
|7 0
|9 65653
|a SCL
|b SCL
|c GEN
|d 2019-07-17
|e Development Book Agency
|g 500.00
|l 2
|m 10
|o 891.4437 SUK
|p 3020034806
|r 2026-05-03
|s 2022-03-14
|t 1
|v 500.00
|w 2019-07-17
|y BK
|
| 952 |
|
|
|0 0
|1 0
|2 ddc
|4 0
|6 891_443700000000000_SUK
|7 0
|9 65827
|a BRACUL
|b BRACUL
|c GEN
|d 2019-07-24
|e Development Book Agency
|g 500.00
|l 4
|m 45
|o 891.4437 SUK
|p 3010034976
|r 2024-03-31
|s 2024-03-24
|t 2
|v 500.00
|w 2019-07-24
|y BK
|